[Event "SLO-chT"]
[Site "?"]
[Date "1995.??.??"]
[Round "2"]
[White "Osmanbegovic, Suad"]
[Black "Praznik, Anton"]
[Result "1/2-1/2"]
[WhiteElo "2305"]
[BlackElo "2270"]

1.d4 Nf6 2.Bg5 g6 3.Bxf6 exf6 4.e3 Bg7 5.g3 d6 6.Bg2 O-O 7.c3 c6 8.Nd2 f5
9.Ne2 Nd7 10.a4 Re8 11.a5 Qc7 12.h4 h6 13.Nf4 Nf6 14.Qb3 Rb8 15.Qc4 Bd7 16.b4 Rbc8
17.a6 b6 18.Qe2 Re7 19.O-O Rce8 20.Rfe1 Qc8 21.Nc4 Qb8 22.Nd2 Ng4 23.Qf3 Nf6
24.Qe2 Ng4 25.Qf3 Nf6 26.Qe2 Ng4  1/2-1/2

[Event "St Cugat op"]
[Site "St Cugat"]
[Date "1995.??.??"]
[Round "9"]
[White "Llopis, Manuel"]
[Black "Granados Gomez, Manuel"]
[Result "0-1"]
[WhiteElo "2235"]
[BlackElo "2400"]

1.d4 Nf6 2.Bg5 g6 3.Bxf6 exf6 4.e3 Bg7 5.Bd3 f5 6.Ne2 d6 7.c3 Nd7 8.Nd2 Nf6
9.Nf4 O-O 10.h4 h5 11.Qb3 Kh8 12.Nf1 b6 13.O-O-O Qe7 14.Bc4 c6 15.Kb1 Bd7
16.Be2 b5 17.Bf3 a5 18.Qc2 Rab8 19.Qd2 d5 20.Nd3 Ne4 21.Bxe4 fxe4 22.Nc5 Bg4
23.Re1 Bf6 24.g3 Kg7 25.Nh2 Bf5 26.Qe2 Rh8 27.Reg1 Qa7 28.b4 Ra8 29.Qb2 Qe7
30.a3 Ra7 31.Kc2 axb4 32.cxb4 Rha8 33.Ra1 Bxh4 34.gxh4 Qxh4 35.Kb3 Bh3 36.Nf1 Qg4
37.Nh2 Qg2 38.Rag1 Rxa3+ 39.Qxa3 Rxa3+ 40.Kxa3 Qxf2 41.Re1 h4 42.Nb3 Bg2
43.Rhg1 Qg3 44.Re2 h3 45.Nf1 Qf3 46.Re1 Qf2 47.Nh2 Qg3  0-1

[Event "St Petersburg op"]
[Site "St Petersburg"]
[Date "1995.??.??"]
[Round "9"]
[White "Popov, Valerij"]
[Black "Petrushin, Alexander I"]
[Result "1-0"]
[WhiteElo "2430"]
[BlackElo "2485"]

1.d4 Nf6 2.Bg5 g6 3.Bxf6 exf6 4.e3 Bg7 5.Nd2 f5 6.Ne2 d6 7.h4 Nd7 8.h5 Nf6
9.Nf4 Qe7 10.g3 g5 11.Nd3 h6 12.Bg2 O-O 13.c3 Ne4 14.Qc2 c5 15.O-O-O Rb8
16.Kb1 b5 17.Nxe4 fxe4 18.Nc1 f5 19.Rd2 b4 20.c4 cxd4 21.exd4 Be6 22.Nb3 d5
23.Bf1 Rbc8 24.c5 f4 25.Ba6 Rc7 26.gxf4 Rxf4 27.Qd1 Bg4 28.Qe1 Bf3 29.Rh2 Rc6
30.Bb5 Rcf6 31.Rc2 Qc7 32.Qxb4 Rg4 33.Rh3 Rg1+ 34.Nc1 Rf7 35.Qb3 Bd1 36.Qxd5 Bxc2+
37.Kxc2 Kh8 38.Bc4 Rf8 39.Ne2 Rf1 40.Qxe4  1-0

[Event "SVK-chT"]
[Site "?"]
[Date "1995.??.??"]
[Round "?"]
[White "Mihalik, Marek"]
[Black "Franzen, Josef"]
[Result "0-1"]
[WhiteElo "2185"]
[BlackElo "2315"]

1.d4 Nf6 2.Bg5 c5 3.Bxf6 gxf6 4.d5 f5 5.c3 Bg7 6.g3 d6 7.Bg2 Nd7 8.Nh3 Nf6
9.Nd2 O-O 10.O-O Rb8 11.Qc2 e6 12.Nf4 b5 13.Rfd1 Qe7 14.Nf1 e5 15.Nh3 Ng4
16.Rab1 Qf6 17.e3 Bd7 18.Nd2 Bh6 19.Re1 f4 20.exf4 exf4 21.Nxf4 Bxf4 22.gxf4 Qxf4
23.Nf1 Bf5 24.Be4 Bg6 25.Qd2 Qf6 26.Bxg6 fxg6 27.Re6 Qf5 28.Rbe1 Nxf2 29.Ng3 Nh3+
30.Kg2 Nf4+ 31.Kg1 Qg4 32.R6e4 Qf3 33.Rxf4 Qxf4 34.Qxf4 Rxf4 35.Re7 Rf7 36.Re6 Rd8
37.Ne4 Kg7 38.Nxd6 Rfd7 39.Nxb5 Rxd5 40.Nxa7 Rd1+ 41.Kf2 R8d2+ 42.Re2 Rxe2+
43.Kxe2 Rh1 44.b4 Rxh2+ 45.Kf1 Rxa2 46.Nc6 cxb4 47.cxb4 Rb2  0-1

[Event "SVK-chT"]
[Site "?"]
[Date "1995.??.??"]
[Round "?"]
[White "Mihalik, Marek"]
[Black "Biro, Karol"]
[Result "1/2-1/2"]
[WhiteElo "2185"]
[BlackElo "2235"]

1.d4 Nf6 2.Bg5 g6 3.Bxf6 exf6 4.e3 Bg7 5.h4 h5 6.Nh3 Bh6 7.Qf3 d5 8.c4 c6
9.cxd5 Bg4 10.Qe4+ Kf8 11.dxc6 Nxc6 12.d5 Kg7 13.Nc3 Re8 14.Qa4 Ne5 15.Bb5 Re7
16.Nf4 a6 17.Be2 Bxe2 18.Ncxe2 Rc8 19.O-O Rc4 20.Qa3 Rd7 21.Rac1 Bxf4 22.Nxf4 Rxc1
23.Rxc1 g5 24.hxg5 fxg5 25.Qc3 gxf4 26.Qxe5+ Kg6 27.e4 Qf6 28.Qxf6+ Kxf6
29.f3 Ke5 30.Kf2 f5 31.Re1 h4 32.Re2 fxe4 33.fxe4 Rh7 34.Rd2 h3 35.gxh3 Rxh3
36.Kg2 Rg3+ 37.Kf2 Kxe4 38.d6 Rg8 39.d7 Rd8 40.Rd1 Ke5 41.Kf3 Ke6 42.Kxf4 Rxd7
43.Rxd7 Kxd7 44.Ke5  1/2-1/2

[Event "SVK-chT"]
[Site "?"]
[Date "1995.??.??"]
[Round "?"]
[White "Mihalik, Marek"]
[Black "Safyanovsky, Mark"]
[Result "0-1"]
[WhiteElo "2185"]
[BlackElo "2305"]

1.d4 Nf6 2.Bg5 g6 3.Bxf6 exf6 4.e3 d6 5.Bd3 Bg7 6.Nd2 Nc6 7.c3 Ne7 8.Qf3 Rb8
9.Ne2 Bd7 10.h3 f5 11.Qf4 Nd5 12.Qf3 Nf6 13.O-O-O Bc6 14.Qg3 O-O 15.Nf4 b5
16.Qh2 Qe7 17.Rhg1 Nd5 18.g4 Nxf4 19.Qxf4 Qh4 20.Nf3 Bxf3 21.Qxf3 b4 22.gxf5 bxc3
23.bxc3 c5 24.fxg6 fxg6 25.Qg3 Qd8 26.Rd2 cxd4 27.exd4 Bh6 28.Bxg6 Qf6 29.Bc2+ Kh8
30.Rg2 Rg8 31.Qd3 Bxd2+ 32.Kxd2 Qh6+ 33.Qe3 Qxe3+ 34.Kxe3 Rxg2 35.c4 Rb2
36.Bb3 Rgxf2 37.c5 dxc5 38.dxc5 Rf6 39.Kd4 Rh6 40.Ke5 a5 41.Be6 Re2+  0-1

[Event "SWZ-chT"]
[Site "SWZ"]
[Date "1995.??.??"]
[Round "1"]
[White "Weindl, Alfred"]
[Black "Costa, Jean Luc"]
[Result "1-0"]
[WhiteElo "2350"]
[BlackElo "2440"]

1.d4 Nf6 2.Bg5 d5 3.Bxf6 exf6 4.e3 Be6 5.Bd3 c5 6.dxc5 Bxc5 7.c3 Qb6 8.Qc2 Nc6
9.Nd2 Rc8 10.Ne2 Ne5 11.Nb3 Bd6 12.Ned4 Nxd3+ 13.Qxd3 Qa6 14.Qxa6 bxa6 15.Kd2 Kd7
16.Nc1 h5 17.f4 Kc7 18.Nd3 g5 19.Raf1 Rcg8 20.Rf2 g4 21.Rff1 Rb8 22.Rc1 Kb6
23.Rc2 a5 24.Rb1 Bd7 25.b3 Rhe8 26.c4 dxc4 27.bxc4+ Kc7 28.Rcb2 Rxb2+ 29.Rxb2 Re4
30.c5 Bf8 31.Nf2 Re8 32.Nd3 Bc6 33.g3 Be4 34.Rb5 Rb8 35.Rxa5 Bxd3 36.Rxa7+ Kc8
37.Kxd3 Rb2  1-0

[Event "SWZ-chT"]
[Site "SWZ"]
[Date "1995.??.??"]
[Round "6"]
[White "Landenbergue, Claude"]
[Black "Levacic, Damir"]
[Result "1-0"]
[WhiteElo "2420"]
[BlackElo "2325"]

1.d4 Nf6 2.Bg5 c5 3.Bxf6 gxf6 4.d5 Qb6 5.Qc1 f5 6.g3 Bg7 7.c3 d6 8.Nd2 O-O
9.Bh3 e6 10.Nc4 Qd8 11.Bg2 Na6 12.Qd2 e5 13.a4 b6 14.f4 Bh6 15.Nh3 Nc7 16.O-O Re8
17.Rae1 Qe7 18.Qc2 e4 19.Ne3 Rb8 20.Nf2 Qf6 21.Nfd1 Bg7 22.Bh3 h5 23.Qd2 Bd7
24.Ng2 Bxa4 25.Nde3 Bd7 26.Nh4 b5 27.Bxf5 Bxf5 28.Nhxf5 c4 29.Kh1 Na6 30.g4 h4
31.Ra1 Rb6 32.Qe1 Ra8 33.g5 Qd8 34.Qxh4 Nc5 35.Rg1  1-0

[Event "SWZ-ch"]
[Site "SWZ"]
[Date "1995.??.??"]
[Round "7"]
[White "Gerber, Richard"]
[Black "Zueger, Beat"]
[Result "1/2-1/2"]
[WhiteElo "2375"]
[BlackElo "2470"]

1.d4 Nf6 2.Bg5 c5 3.Bxf6 gxf6 4.d5 Qb6 5.Qc1 f5 6.e3 Bg7 7.c3 d6 8.Ne2 Nd7
9.Nf4 Nf6 10.Bc4 Bd7 11.Nd2 Kf8 12.Nf1 Re8 13.Ng3 e5 14.Nfh5 Nxh5 15.Nxh5 Qd8  1/2-1/2

[Event "Tampere op"]
[Site "Tampere"]
[Date "1995.??.??"]
[Round "?"]
[White "Paasikangas, Johanna"]
[Black "Salokangas, Hannu"]
[Result "1-0"]
[WhiteElo "2140"]
[BlackElo "2275"]

1.d4 Nf6 2.Bg5 c5 3.Bxf6 gxf6 4.d5 Qb6 5.Qc1 f5 6.c4 Bg7 7.Nc3 d6 8.Rb1 f4
9.Qc2 Na6 10.a3 e5 11.g3 fxg3 12.hxg3 h6 13.Nf3 Bd7 14.Bh3 O-O-O 15.Bxd7+ Rxd7
16.Nh4 Qd8 17.Nf5 Bf8 18.Ne4 Nc7 19.Qa4 Kb8 20.Nf6 b5 21.Nxd7+ Qxd7 22.Qc2 bxc4
23.b4 Nxd5 24.bxc5+  1-0

[Event "Tampere op"]
[Site "Tampere"]
[Date "1995.??.??"]
[Round "?"]
[White "Paasikangas, Johanna"]
[Black "Paldanius, Pekka"]
[Result "1-0"]
[WhiteElo "2140"]
[BlackElo "2275"]

1.d4 Nf6 2.Bg5 c5 3.Bxf6 gxf6 4.d5 Qb6 5.Qc1 f5 6.e3 Bg7 7.c3 Na6 8.Nd2 Nc7
9.Nc4 Qf6 10.Qd2 d6 11.a4 Bd7 12.Ne2 O-O-O 13.Nf4 Rhg8 14.Nh5 Qg5 15.Nxg7 Rxg7
16.b4 cxb4 17.cxb4 f4 18.Rc1 Kb8 19.e4 f5 20.b5 fxe4 21.b6 Na6 22.bxa7+ Kxa7
23.Qa5 Rc8 24.Rb1 Rc7 25.Nxd6 exd6 26.Bxa6 Kb8 27.Qd2 Qxg2 28.Rf1 Qxh2 29.Bxb7 Bh3
30.Ba6+ Ka7 31.Qa5 Rc5 32.Bb5+ Kb7 33.Bc6+ Kc8  1-0

[Event "Czerniak mem"]
[Site "Tel Aviv"]
[Date "1995.??.??"]
[Round "3"]
[White "Kataev, Simcho"]
[Black "Rinberg, Alexander"]
[Result "1-0"]
[WhiteElo "2360"]
[BlackElo "2335"]

1.d4 Nf6 2.Bg5 c5 3.Bxf6 gxf6 4.d5 Qb6 5.Qc1 f5 6.e3 Bg7 7.c3 Qd6 8.c4 b5
9.cxb5 Qxd5 10.Nc3 Qe6 11.Be2 Bb7 12.Bf3 Bxf3 13.Nxf3 O-O 14.O-O a6 15.Rd1 axb5
16.Nd5 Na6 17.Ng5 Qd6 18.Qc2 h6 19.Nf3 Kh8 20.e4 e6 21.Ne3 Qf4 22.exf5 d5
23.Qe2 d4 24.g3 Qe4 25.Nd2 Qe5 26.Nf3 Qf6 27.Ng4 Qxf5 28.Nge5 Kg8 29.a4 Nb4
30.Rac1 f6 31.Nd7 d3 32.Qe3 Nd5 33.Qxd3 Qxd3 34.Rxd3 c4 35.Nxf8 cxd3 36.Nxe6 bxa4
37.Rc4 a3 38.bxa3 Rxa3 39.Rg4 Ra1+ 40.Kg2 Ra7 41.Rd4 Rd7 42.Rxd3 Kf7 43.Nc5 Rd6
44.Nh4 Bf8 45.Kf3 h5 46.Ne4 Rd7 47.Nf5 Nb6 48.Rxd7+ Nxd7 49.h4 Ba3 50.Ke2 Kg6
51.Ne3 Bc1 52.Ng2 Bh6 53.Nc3 Nc5 54.Nd5 Kf5 55.f3 Ne6 56.Kd3 Bc1 57.Ne7+ Ke5
58.f4+ Kd6 59.Nf5+ Kd5 60.Nge3+ Kc6 61.Ke4 Kd7 62.Nc4 Ke8 63.Nd4 Ke7 64.Nb3 Bxf4
65.gxf4 Ng7 66.Nd4 Kf7 67.Nd6+ Kg6 68.f5+ Kh6 69.Ne6 Nxf5 70.Kxf5 Kh7 71.Kxf6 Kh6
72.Nd4  1-0

[Event "Terrasa op"]
[Site "Terrasa"]
[Date "1995.??.??"]
[Round "8"]
[White "Mellado Trivino, Juan"]
[Black "Rodriguez, Amador"]
[Result "0-1"]
[WhiteElo "2460"]
[BlackElo "2490"]

1.d4 Nf6 2.Bg5 d5 3.Nd2 c5 4.dxc5 Na6 5.Bxf6 gxf6 6.g3 Nxc5 7.Bg2 f5 8.c4 dxc4
9.Nxc4 Be6 10.Qxd8+ Rxd8 11.Ne5 Bg7 12.f4 O-O 13.Nh3 Bd5 14.Bxd5 Rxd5 15.Nc4 Ne4
16.Rd1 Rxd1+ 17.Kxd1 Rd8+ 18.Kc2 b5 19.Ne5 Rd2+ 20.Kb3 a5 21.Rc1 a4+ 22.Ka3 e6
23.Ng1 Bf8+ 24.b4 axb3 25.Kxb3 Nc5+ 26.Kc3 Ne4+ 27.Kb3 Nc5+ 28.Kc3 Rxa2 29.Rb1 Ne4+
30.Kb3 Ra3+ 31.Kb2 b4 32.Nd3 Bg7+ 33.Kc2 Rc3+ 34.Kd1 Rxd3+ 35.exd3 Nc3+ 36.Kc2 Nxb1
37.Kxb1 Bc3 38.Kc2 f6 39.Ne2 Be1 40.Kb3 Kf7 41.Nd4 Ke7 42.Kc4 Kd6 43.Nb5+ Kc6
44.Nd4+ Kd7 45.Nf3 Bc3 46.Nd4 Be1 47.Nf3 Bc3 48.Nd4 h6 49.Nc2 Bd2 50.Nd4 Ke7
51.Nc6+ Kd6 52.Nd4 Be1 53.Nb5+ Ke7 54.Nd4 Kf7 55.Nf3 Bc3 56.Nd4 h5 57.Nf3 e5
58.d4 exd4 59.Ng1 Ke6 60.Nh3 Be1 61.Kxd4 b3 62.Kd3 Kd5 63.Ng1 b2 64.Kc2 Ke4
65.Kxb2 Ke3  0-1

[Event "JUG-chT"]
[Site "Tivat"]
[Date "1995.??.??"]
[Round "10"]
[White "Kostic, Vladimir"]
[Black "Vukic, Milan"]
[Result "1/2-1/2"]
[WhiteElo "2430"]
[BlackElo "2450"]

1.d4 Nf6 2.Bg5 g6 3.Nc3 d5 4.Bxf6 exf6 5.e3 c6 6.Bd3 f5 7.Nh3 Bd6 8.Ne2 Be6
9.Nhf4 Nd7 10.h4 Nf6 11.g3 Qe7 12.c3 h6 13.Qc2 O-O-O 14.O-O-O g5 15.Nxe6 fxe6
16.c4 Kb8 17.Kb1 Ng4 18.Nc3 Bb4 19.Rdf1 Nf6 20.a3 dxc4 21.Bxc4 Bxc3 22.Qxc3 Ne4
23.Qc2 e5 24.Rd1 exd4 25.exd4 Rd6 26.hxg5 Qxg5 27.Rd3 Rhd8 28.Rhd1 f4 29.Ka2 fxg3
30.fxg3 h5 31.Qg2 Qg4 32.Re1 Nc5 33.Rd2 Rxd4 34.Rxd4 Qxd4 35.Qc2 Rf8 36.Re2 a5
37.Rd2 Qe5 38.Bd5 Qe7 39.Bc4 Rf6 40.Re2 Qd8 41.Qc3 Rf5 42.Re5 Na4 43.Qe3 Qf6
44.Re8+ Kc7 45.Re7+ Kb8 46.Re8+ Kc7  1/2-1/2

[Event "FRA-chB"]
[Site "Toulouse"]
[Date "1995.??.??"]
[Round "1"]
[White "Gilles, Raphael"]
[Black "Dube, Dimitri"]
[Result "1-0"]
[WhiteElo "2235"]
[BlackElo "2040"]

1.d4 Nf6 2.Bg5 c5 3.d5 Qb6 4.Nc3 Qxb2 5.Bd2 Na6 6.Rb1 Qa3 7.e4 d6 8.Nb5 Qa4
9.Nxd6+ Kd8 10.Bb5 Qd4 11.Nxf7+ Kc7 12.Bf4+ Kb6 13.Bc4+ Nb4 14.Rxb4+  1-0

[Event "FRA-ch (Women)"]
[Site "Toulouse"]
[Date "1995.??.??"]
[Round "6"]
[White "Flear, Christine"]
[Black "Fruteau, Sabine"]
[Result "1/2-1/2"]
[WhiteElo "2235"]
[BlackElo "2215"]

1.d4 Nf6 2.Bg5 g6 3.Bxf6 exf6 4.e3 Bg7 5.Ne2 d5 6.Nf4 Qd6 7.Nd2 Bh6 8.Qf3 Bxf4
9.exf4 O-O 10.O-O-O Nc6 11.c3 Rb8 12.g4 b5 13.Bg2 Ne7 14.Rhe1 b4 15.c4 dxc4
16.Nxc4 Qa6 17.Qb3 Nc6 18.h3 Bd7 19.Kb1 Nd8 20.Ne3 Ba4 21.Qd3 Qd6 22.b3 Bb5
23.Qd2 a5 24.f5 a4 25.fxg6 fxg6 26.Nd5 Nc6 27.Rc1 axb3 28.axb3 Ra8 29.Rxc6 Bxc6
30.Ne7+ Kg7 31.Nxc6 Ra6 32.Re7+ Rf7 33.Rxf7+ Kxf7 34.Nxb4 Rb6 35.Bd5+ Kg7
36.Bc4 Rxb4 37.Qe2 Rb8 38.Qe4 c6 39.Kb2 Rd8 40.Kc3 Ra8 41.h4 Rf8 42.Qe3 Qd7
43.h5  1/2-1/2

[Event "FRA-chB"]
[Site "Toulouse"]
[Date "1995.??.??"]
[Round "10"]
[White "Goldenberg, Richard"]
[Black "Bardel, Stephan"]
[Result "1/2-1/2"]
[WhiteElo "2265"]
[BlackElo "2215"]

1.d4 Nf6 2.Bg5 c5 3.Nc3 Qa5 4.Bxf6 exf6 5.d5 d6 6.e3 Be7 7.Nf3 f5 8.Qd2 a6
9.Bd3 b5 10.O-O O-O 11.a4 b4 12.Ne2 Qc7 13.c4 g6 14.Ng3 Nd7 15.e4 fxe4 16.Nxe4 f6
17.Rae1 Qd8 18.h4 Ra7 19.Qh6 Rf7 20.Nxd6 Bxd6 21.Bxg6 hxg6 22.Qxg6+ Kf8 23.Qh6+ Kg8
24.Qg6+ Kf8 25.Qh6+ Kg8 26.Qf8+  1/2-1/2

[Event "SVK-ch"]
[Site "Trencin"]
[Date "1995.??.??"]
[Round "9"]
[White "Cvicela, Anton"]
[Black "Bednar, Jaromir"]
[Result "0-1"]
[WhiteElo "2040"]
[BlackElo "2220"]

1.d4 Nf6 2.Bg5 g6 3.Nc3 d5 4.e3 Bg7 5.Bd3 O-O 6.f4 c5 7.Nf3 Nc6 8.O-O Ng4
9.f5 cxd4 10.exd4 Nxd4 11.fxg6 fxg6 12.h3 Nxf3+ 13.Rxf3 Qb6+ 14.Kh1 Nf2+
15.Rxf2 Qxf2 16.Nxd5 Qg3 17.Nxe7+ Kh8 18.h4 Be5 19.Qg1 Be6 20.Re1 Bg4 21.Re3 Rf3
22.Re4 Raf8 23.Rxe5 Qxe5 24.Bd2 Qxe7 25.Bc3+ R3f6 26.Qf2 Kg8 27.Bc4+ Be6
28.Qe3 Rf1+ 29.Kh2 Qxh4+  0-1

[Event "Val Thorens op"]
[Site "Val Thorens"]
[Date "1995.??.??"]
[Round "?"]
[White "Marzolo, Cyril"]
[Black "Louis, Jean Philipp"]
[Result "1/2-1/2"]
[WhiteElo "2210"]
[BlackElo "2055"]

1.d4 Nf6 2.Bg5 g6 3.Bxf6 exf6 4.c4 f5 5.Nc3 Bg7 6.e3 O-O 7.g3 d6 8.Bg2 Nd7
9.Nge2 Re8 10.O-O Nf6 11.Qd3 h5 12.b4 h4 13.b5 Rb8 14.Nd5 Ne4 15.Rab1 Bd7
16.Ndc3 Qg5 17.Rbe1 Nxc3 18.Nxc3 Bf6 19.f4 Qh6 20.e4 fxe4 21.Nxe4 Bg7  1/2-1/2

[Event "Velden op"]
[Site "Velden"]
[Date "1995.??.??"]
[Round "5"]
[White "Palos, Osman"]
[Black "Kuba, Guenter"]
[Result "1-0"]
[WhiteElo "2355"]
[BlackElo "2150"]

1.d4 Nf6 2.Bg5 d5 3.Bxf6 gxf6 4.e3 Bf5 5.c4 Bxb1 6.Rxb1 c6 7.Qd2 e6 8.a3 Bd6
9.g3 Nd7 10.cxd5 cxd5 11.Bb5 Qb6 12.Qd3 O-O-O 13.b4 h5 14.h4 e5 15.Ne2 Kb8
16.Nc3 e4 17.Qe2  1-0

[Event "Wattens op"]
[Site "Wattens"]
[Date "1995.??.??"]
[Round "?"]
[White "Baur, Helmut"]
[Black "Wurzer, Gerhard"]
[Result "1/2-1/2"]
[WhiteElo "1650"]
[BlackElo "1900"]

1.d4 Nf6 2.Bg5 g6 3.Bxf6 exf6 4.e3 Bg7 5.g3 d5 6.Bg2 c6 7.Ne2 O-O 8.O-O Bf5
9.b3 Na6 10.Nd2 Re8 11.c4 Nc7 12.Rc1 dxc4 13.Nxc4 Nd5 14.Nb2 Bh6 15.Nf4 Nxf4
16.gxf4 Bf8 17.Na4 Qa5 18.Qe2 Rad8 19.Rfd1 Ba3 20.Nb2 Qc7 21.Rc4 Bd6 22.Qd2 Qe7
23.Nd3 g5 24.fxg5 fxg5 25.Nc1 Qf6 26.Ne2 Bg4 27.Rdc1 Bb8 28.Ng3 Be6 29.Rc5 Qe7
30.Qe2 Bxg3 31.hxg3 f6 32.Qc2  1/2-1/2

[Event "Wattens op"]
[Site "Wattens"]
[Date "1995.??.??"]
[Round "?"]
[White "Baur, Helmut"]
[Black "Hillgarter, Erik"]
[Result "1/2-1/2"]
[WhiteElo "1650"]
[BlackElo "1835"]

1.d4 Nf6 2.Bg5 d5 3.Nf3 Bf5 4.e3 e6 5.c4 Be7 6.Qb3 b6 7.Nc3 dxc4 8.Bxc4 O-O
9.O-O Nbd7 10.Nh4 Be4 11.Nxe4 Nxe4 12.Bxe7 Qxe7 13.Nf3 c5 14.Bd3 Ndf6 15.Bxe4 Nxe4
16.Qc2 Nf6 17.dxc5 Rac8 18.c6 Nd5 19.a3 Qd6 20.Rac1 Ne7 21.Qa4 Rxc6 22.Rxc6 Nxc6
23.Rd1 Qc5 24.Nd4 Nxd4 25.Qxd4 Qxd4 26.Rxd4 g6 27.Kf1 Rc8 28.Rd7 Rc1+ 29.Ke2 Rc2+
30.Rd2 Rc7 31.Kd1 Kf8 32.Rd3 Ke7 33.Kd2 e5 34.Rc3 Rd7+ 35.Kc2  1/2-1/2

[Event "Wattens op"]
[Site "Wattens"]
[Date "1995.??.??"]
[Round "?"]
[White "Laube, Bernhard"]
[Black "Erlacher, Michael"]
[Result "1/2-1/2"]
[WhiteElo "2285"]
[BlackElo "2055"]

1.d4 Nf6 2.Bg5 d5 3.e3 e6 4.Nd2 Be7 5.Bd3 b6 6.c3 O-O 7.f4 Ba6 8.Bc2 Nbd7
9.Qf3 c5 10.Qh3 cxd4 11.exd4 Bb7 12.Qh4 Re8 13.g4  1/2-1/2

[Event "Werfen op-B"]
[Site "Werfen"]
[Date "1995.??.??"]
[Round "1"]
[White "Bauernhuber, Reinhard"]
[Black "Hehenberger, Adolf"]
[Result "1-0"]
[WhiteElo "1640"]
[BlackElo "1835"]

1.d4 Nf6 2.Bg5 d5 3.Bxf6 exf6 4.c4 c6 5.e3 Bb4+ 6.Nc3 Qa5 7.Qc2 O-O 8.Bd3 g6
9.Ne2 dxc4 10.Bxc4 Qg5 11.O-O f5 12.Nf4 Nd7 13.Qb3 Bd6 14.Nce2 Qh6 15.g3 g5
16.Ng2 Nf6 17.f3 b5 18.Bd3 Re8 19.Qc2 Nd5 20.Qxc6 Nc7 21.Qc2 f4 22.exf4 gxf4
23.Nexf4 Bd7 24.Rae1 Rec8 25.Qb1 Kh8 26.Bf5 Rd8 27.Bxd7 Rxd7 28.Qf5 Rad8
29.d5 Qg7 30.Re2 Bc5+ 31.Kh1 Nxd5 32.Qc2 Bb6 33.Nxd5 Rxd5 34.Rfe1 Qf6 35.Re8+ Kg7
36.Rxd8 Qxd8 37.Nf4 Rd2 38.Qe4 Rd1 39.Nh5+ Kh8 40.Qe5+ f6 41.Qe2 Rxe1+ 42.Qxe1 h6
43.b3 Bc5 44.Kg2 Bf8 45.Nf4 Bg7 46.Qe6 Qd2+ 47.Kh3 Qxa2 48.Ng6+ Kh7 49.Ne7 h5
50.Qf5+  1-0

[Event "Werfen op"]
[Site "Werfen"]
[Date "1995.??.??"]
[Round "1"]
[White "Kilgus, Georg"]
[Black "Turner, Matthew"]
[Result "1/2-1/2"]
[WhiteElo "2010"]
[BlackElo "2400"]

1.d4 Nf6 2.Bg5 d5 3.e3 c6 4.Bd3 Nbd7 5.Nf3 e6 6.Nbd2 Be7 7.O-O O-O 8.Ne5 Nxe5
9.dxe5 Nd7 10.Bxe7 Qxe7 11.f4 Nc5 12.Rf3 g6 13.h4 f6 14.h5 Nxd3 15.cxd3 fxe5
16.fxe5 Rxf3 17.Qxf3 Bd7 18.hxg6 hxg6 19.Rf1 Rf8 20.Qxf8+ Qxf8 21.Rxf8+ Kxf8
22.b4 b6 23.Nb3 Kg7 24.Kf2 Kh6 25.Kf3 Kg5 26.g3 Kf5 27.d4 Bc8 28.Nd2 Ba6
29.e4+ Kg5 30.exd5 cxd5 31.Nb1 Bc4 32.Nc3 Kf5 33.a3 Kg5 34.Nd1 Bb3 35.Ne3 Ba4  1/2-1/2

[Event "Oberliga Wuert9495"]
[Site "Wuerttemberg"]
[Date "1995.??.??"]
[Round "?"]
[White "Mohrlok, Dieter"]
[Black "Oberst, Thomas"]
[Result "1/2-1/2"]
[WhiteElo "2415"]
[BlackElo "2285"]

1.d4 Nf6 2.Bg5 g6 3.Nd2 d5 4.e3 Bg7 5.Ngf3 O-O 6.Be2 c5 7.c3 Bf5 8.O-O Nbd7
9.c4 dxc4 10.Bxc4 Re8 11.Rc1 a6 12.a4 Qb6 13.Qb3 h6 14.Bxf6 Bxf6 15.e4 Qxb3
16.Bxb3 Bg4 17.Bd5 Rab8 18.dxc5 Bxb2 19.Rb1 Ba3 20.Nc4 Bxc5 21.Bxb7 a5 22.Nxa5 Bb6
23.Nc6 Rxb7 24.a5 Bxf3 25.gxf3 e6 26.Rfd1 Nb8  1/2-1/2

[Event "ARM-ch"]
[Site "Yerevan"]
[Date "1995.??.??"]
[Round "3"]
[White "Yegiazarian, Arsen"]
[Black "Petrosian, Arshak B"]
[Result "0-1"]
[WhiteElo "2460"]
[BlackElo "2435"]

1.d4 Nf6 2.Bg5 d5 3.Bxf6 gxf6 4.e3 c5 5.dxc5 e6 6.Nc3 Bxc5 7.Qg4 Nc6 8.O-O-O Bd7
9.Qg7 Ke7 10.e4 Rg8 11.Qxh7 d4 12.Nd5+ exd5 13.exd5 Ne5 14.Ne2 Qb6 15.Qe4 d3
16.Rxd3 Bxf2 17.Rb3 Qc5 18.g3 b6 19.Bg2 Rae8 20.Rf1 Kf8 21.Rc3 Ng4 22.Qf3 Qe7
23.Nf4 Be3+ 24.Kb1 Nxh2 25.d6 Qe5 26.Qb7 Nxf1 27.Qxd7 Nd2+ 28.Ka1 Bxf4  0-1

[Event "Zadar op"]
[Site "Zadar"]
[Date "1995.??.??"]
[Round "?"]
[White "Samovojska, Damir"]
[Black "Ladic, Josip"]
[Result "1-0"]
[WhiteElo "2360"]
[BlackElo "2225"]

1.d4 Nf6 2.Bg5 c5 3.c3 Qb6 4.Qc2 Nc6 5.Bxf6 gxf6 6.d5 Ne5 7.Nd2 f5 8.g3 Bg7
9.Bg2 d6 10.Ngf3 Nxf3+ 11.exf3 Qa6 12.Bf1 b5 13.f4 O-O 14.Be2 Bb7 15.Bf3 e6
16.O-O exd5 17.Qxf5 Rae8 18.Bxd5 Re2 19.Be4 Bxe4 20.Nxe4 Qc8 21.Nf6+ Bxf6
22.Qxf6 Rfe8 23.Qg5+ Kh8 24.f5 R2e5 25.g4 Rg8 26.Qf6+ Rg7 27.Kh1 Qc6+ 28.f3 Re3
29.Kg2 h5 30.Qh6+ Kg8 31.Qxe3  1-0

[Event "EU-ch U16"]
[Site "Zagan"]
[Date "1995.??.??"]
[Round "9"]
[White "Twardowski, Lukasz"]
[Black "Cyborowski, Lukasz"]
[Result "1/2-1/2"]
[WhiteElo "2265"]
[BlackElo "2210"]

1.d4 Nf6 2.Bg5 c5 3.Bxf6 gxf6 4.c3 e6 5.Nf3 d5 6.g3 Nc6 7.Bg2 Bg7 8.O-O O-O
9.Nbd2 Qb6 10.Qb3 cxd4 11.Qxb6 axb6 12.cxd4 Bd7 13.Rfc1 Rfc8 14.Bf1 Rc7 15.a3 Rac8
16.Nb3 Na5 17.Rxc7 Rxc7 18.Nxa5 bxa5 19.Ne1 Kf8 20.Nd3 Bb5  1/2-1/2

[Event "Zalakaros op"]
[Site "Zalakaros"]
[Date "1995.??.??"]
[Round "3"]
[White "Portisch, Gabor"]
[Black "Horvath, Tamas"]
[Result "1-0"]
[WhiteElo "2265"]
[BlackElo "2410"]

1.d4 Nf6 2.Bg5 d5 3.Bxf6 gxf6 4.e3 c5 5.Nc3 Nc6 6.Qh5 e6 7.O-O-O Bd7 8.f4 cxd4
9.exd4 Bb4 10.Nge2 f5 11.g4 fxg4 12.f5 Rg8 13.h4 Qa5 14.Bg2 Ne7 15.Qxh7 O-O-O
16.fxe6 Bxe6 17.Rdf1 Kb8 18.Qd3 Nc6 19.a3 Bf8 20.Nb5 a6 21.Qg3+ Kc8 22.Nbc3 Bg7
23.Qd3 Qb6 24.Rd1 Bh6+ 25.Kb1 Na5 26.Na4 Qc6 27.b3 Kb8 28.Qc3 Qxc3 29.Naxc3 Nc6
30.Ng3 Ne7 31.Nh5 Kc7 32.Rhf1 Kd6 33.Nf6 Rh8 34.Ne2 Bg7 35.c4 Bf5+ 36.Rxf5 Nxf5
37.Nxd5 Ne3 38.Nxe3 Bf6 39.c5+ Kd7 40.Bxb7 Rxh4 41.Nd5  1-0

[Event "Zaragoza op-B"]
[Site "Zaragoza"]
[Date "1995.??.??"]
[Round "2"]
[White "Tejero Lamana, Santiago"]
[Black "Baron Rodriguez, J."]
[Result "0-1"]
[WhiteElo "2075"]
[BlackElo "2255"]

1.d4 Nf6 2.Bg5 g6 3.Nc3 Bg7 4.e4 d6 5.f3 c6 6.Qd2 Nbd7 7.O-O-O Qa5 8.Kb1 b5
9.Nh3 b4 10.Ne2 h6 11.Be3 Nb6 12.Nc1 Na4 13.Nb3 Qb6 14.Nf4 a5 15.Bc4 Ba6
16.Qd3 Bxc4 17.Qxc4 Qa6 18.Qxa6 Rxa6 19.e5 Nd7 20.exd6 exd6 21.Rhe1 O-O 22.Nd3 Ndb6
23.Bf4 Nc4 24.Re7 Bf6 25.Rc7 Ncxb2 26.Nxb2 Nc3+ 27.Ka1 a4 28.Nc1 a3 29.Rd3 axb2+
30.Kxb2 Nd5 31.Bxd6 Nxc7 32.Bxc7 c5  0-1

[Event "Zaragoza op-A"]
[Site "Zaragoza"]
[Date "1995.??.??"]
[Round "4"]
[White "De la Villa Garcia, Jesus Maria"]
[Black "Glavina, Pablo"]
[Result "1-0"]
[WhiteElo "2490"]
[BlackElo "2400"]

1.d4 Nf6 2.Bg5 c5 3.Nc3 Qa5 4.Bxf6 gxf6 5.e3 d6 6.Qh5 Nc6 7.Bc4 e6 8.d5 Ne5
9.dxe6 Kd8 10.e7+ Bxe7 11.Be2 b5 12.Nf3 Bb7 13.Nxe5 fxe5 14.O-O-O f6 15.Bxb5 a6
16.Ba4 Qc7 17.Nd5 Bxd5 18.Rxd5 Rb8 19.Rhd1 Rb6 20.Qf7 Kc8 21.R5d3 Kb7 22.Bb3 Ka7
23.Bd5 a5 24.Ra3 Rb5 25.Bc4 Rb7 26.Rdd3 Rhb8 27.Rdb3 Rb4 28.c3 d5 29.cxb4 cxb4
30.Rxa5+ Qxa5 31.Qxd5 Qc7 32.Qf7 Rc8 33.Kd2 Qxc4 34.Qxe7+ Rc7 35.Qd6 f5 36.Rxb4 Qc1+
37.Ke2 Qc2+ 38.Qd2 Qc6 39.f3 f4 40.exf4 Qa6+ 41.Kf2  1-0

[Event "Zaragoza op-B"]
[Site "Zaragoza"]
[Date "1995.??.??"]
[Round "7"]
[White "Jepson, Christian"]
[Black "Clement Gomez, Jose A"]
[Result "1-0"]
[WhiteElo "2325"]
[BlackElo "2250"]

1.d4 Nf6 2.Bg5 c5 3.Nc3 Qa5 4.Bxf6 gxf6 5.d5 f5 6.e3 Bg7 7.Ne2 d6 8.a4 Na6
9.g3 h5 10.h4 f4 11.exf4 Bf5 12.Bh3 Be4 13.O-O Bf3 14.Qd3 Bxe2 15.Qxe2 Nb4
16.Rfe1 Qc7 17.Rad1 a6 18.Ne4 c4 19.Qxc4 Qxc4 20.Nxd6+ Kf8 21.Nxc4 Nxc2 22.Re4 b5
23.Ne5 b4 24.b3 a5 25.Rc4 Na3 26.Rc7 Bf6 27.d6 Rd8 28.dxe7+  1-0

[Event "Zaragoza op-A"]
[Site "Zaragoza"]
[Date "1995.??.??"]
[Round "7"]
[White "Granados Gomez, Manuel"]
[Black "Lalic, Susan"]
[Result "0-1"]
[WhiteElo "2400"]
[BlackElo "2355"]

1.d4 Nf6 2.Bg5 d5 3.Nd2 c6 4.e3 Nbd7 5.Ngf3 g6 6.Ne5 Nxe5 7.dxe5 Nd7 8.Nf3 Bg7
9.Bf4 Qb6 10.Qd4 e6 11.O-O-O Qa5 12.Kb1 b5 13.e4 c5 14.Qd3 c4 15.Qe3 dxe4
16.Qxe4 Rb8 17.h4 Bb7 18.Qe3 Nb6 19.Qd4 Bd5 20.Nd2 O-O 21.h5 c3 22.Nb3 Bxb3
23.axb3 cxb2 24.Kxb2 Rbd8 25.Qxd8 Na4+ 26.bxa4 Rxd8 27.Rxd8+ Qxd8 28.c3 bxa4
29.Bc4 Qb6+ 30.Ka3 Qc5+  0-1

[Event "Zlin-B"]
[Site "Zlin"]
[Date "1995.??.??"]
[Round "?"]
[White "Cech, Pavel"]
[Black "Michenka, Jozef"]
[Result "1-0"]
[WhiteElo "2360"]
[BlackElo "2375"]

1.d4 Nf6 2.Bg5 c5 3.Bxf6 gxf6 4.d5 Qb6 5.Qc1 f5 6.g3 Bg7 7.c3 Na6 8.Bg2 Nc7
9.Nd2 d6 10.Nh3 h5 11.Qc2 Bd7 12.Nf4 h4 13.Nc4 Qa6 14.Ne3 hxg3 15.hxg3 Rxh1+
16.Bxh1 e6 17.dxe6 fxe6 18.Nh5 Bh8 19.g4 Ba4 20.Bxb7 Bxc2 21.Bxa6 Rb8 22.Nxc2 Nxa6
23.O-O-O Ke7 24.gxf5 Rf8 25.Nf4 Rg8 26.Ne3 Bf6 27.Nxe6 Rh8 28.Nd5+ Kf7 29.Nxf6 Kxf6
30.Rxd6  1-0